Statistics for Flags Of South America Countries (Brick Way)

Click here to take the quiz!

General Stats

  • This quiz has been taken 10 times
  • The average score is 12 of 13

Answer Stats

Answer% Correct
Argentina
100%
Brazil
100%
Chile
100%
Colombia
100%
Paraguay
100%
Peru
100%
Uruguay
100%
Bolivia
86%
Ecuador
86%
Guyana
86%
Venezuela
86%
Suriname
71%
French Guyana
43%

Score Distribution

Percentile by Number Answered

Percent of People with Each Score

Your Score History

You have not taken this quiz